[Event "Moscow-ch Men 2020"]
[Site "Moscow"]
[Date "2020.09.16"]
[Round "4.7"]
[White "Usov, Aleksandr E."]
[Black "Fedosov, Alexander"]
[Result "0-1"]
[WhiteElo "2069"]
[BlackElo "1324"]
[Annotator "TA"]
[PlyCount "226"]
[EventDate "2020.09.15"]
[EventType "swiss"]
[EventCountry "RUS"]
[SourceTitle "playchess.com"]
[Source "ChessBase"]
[SourceQuality "1"]

{[%evp 9,225,0,21,6,6,8,3,8,14,12,28,18,25,23,29,31,31,25,30,20,28,-9,4,0,0,-17,-4,-4,-6,-12,-8,-10,-4,-4,-2,-166,-147,-145,-155,-148,-129,-157,-160,-188,-163,-239,-239,-219,-204,-224,79,-285,-308,-487,-410,-461,-454,-444,-438,-411,-393,-452,-95,-93,-86,-86,-93,-95,-46,-71,-54,-56,0,0,0,-58,-56,-52,-50,-60,-62,-110,-60,-69,-55,-156,-44,-93,-96,-184,-161,-220,-114,-97,-105,-222,-218,-350,-325,-614,-614,-614,-606,-593,-579,-1815,-1789,-1561,-1517,-1348,-1408,-1190,-1214,-5511,-5511,-5511,-5511,-5511,-4141,-4141,-4141,-5511,-5504,-5504,-5496,-5496,-4141,-5496,-487,-5496,-5489,-5489,-5489,-5401,-4137,-1646,-1454,-5401,-5353,-5353,-5280,-5353,-5353,-5074,-4871,-6464,-6747,-29960,-5053,-4716,-4614,-3514,-2351,-1359,-1297,-700,-548,-1400,-1273,-4004,-4841,-29956,-29957,-29956,-4141,-3780,-2452,-29981,-29954,-29969,-29971,-29970,-29973,-29969,-29967,-29955,-12694,-8177,-5050,-29975,-4133,-29979,-29978,-29978,-29979,-29982,-29980,-29980,-29981,-29981,-29982,-29982,-29983,-29985,-29986,-29986,-29987,-29989,-29989,-29989,-29989,-29989,-29988,-29990,-29991,-29991,-29992,-29992,-29991,-29993,-29994,-29996,-29997,-29997,-29998,-29998,-29999,-29999]} 1. e4 c6 2. Nf3 d5 3. exd5 cxd5 4. Ne5 Nc6 5. d4 Nf6 (5... e6 {seems wilder.} 6. Bb5 Qc7 7. Bf4 Bd6 8. Qg4 Kf8) 6. Bb5 {B10: Caro-Kann: 2 d3 and 2 c4.} Bd7 7. Nxd7 Qxd7 8. c3 {The position is equal.} e6 9. O-O Be7 10. Nd2 {[%cal Bb1d2,Bd2f3,Bf3e5][%mdl 32]} O-O 11. Re1 a6 12. Bd3 b5 {[#]} 13. Nf3 $146 ({Predecessor:} 13. a3 Rfb8 14. Nf3 Qc7 15. Ne5 Nxe5 16. dxe5 Nd7 17. Bf4 Bc5 18. Qh5 g6 19. Qe2 {½-½ (33) Schwabeneder,F (2403)-Socko,B (2593) Graz 2018}) 13... b4 14. Ne5 Qb7 15. Bd2 bxc3 16. bxc3 Nxe5 17. dxe5 Nd7 18. c4 Nc5 $36 {[%mdl 2048] Black is pushing.} 19. Be2 Ne4 20. cxd5 Qxd5 21. Bf3 Qxd2 22. Qxd2 $2 (22. Rxe4 $11 {and White stays safe.} Rfd8 23. Qxd2 Rxd2 24. Re2) 22... Nxd2 $19 23. Bxa8 Rxa8 24. Rac1 g6 25. f3 Rd8 26. Kf2 Rd5 27. Rc7 {[#]} (27. g3 {keeps fighting.}) 27... Bc5+ $1 28. Kg3 Bb4 29. Re2 Nb1 $2 ({Black should play} 29... a5 $19 {And now ...Kg7 would win.} 30. Rc1 Rd4 31. Rc8+ Kg7) 30. f4 $2 {[%mdl 8192]} (30. Rb2 $16 {is forced if you want to stay better.} Be1+ 31. Kh3) 30... Rd3+ 31. Kh4 (31. Kf2 $142 Bd2 32. Kf1) 31... Nc3 32. Rf2 Nd5 33. Rc8+ Kg7 34. g3 a5 35. Ra8 Rd2 $2 (35... Bc5 $19 36. Rf1 Rd2) 36. Rxd2 $17 Bxd2 37. Kg4 h5+ 38. Kf3 {[#]} h4 $1 39. Ke2 (39. gxh4 Bxf4) 39... Bc3 40. Kf3 Nb6 (40... Be1 $15) 41. Ra6 $1 $11 {[%cal Ra6b6]} Nd5 42. Kg4 (42. Ra8 $11) 42... hxg3 43. hxg3 Be1 44. Kf3 {[#]} g5 $1 45. Rd6 (45. fxg5 Kg6) 45... Nc3 46. a3 Nb5 47. Rd7 ({Better is} 47. Rd3 $15) 47... Kg6 (47... Nxa3 $17 {White must now prevent ...Nc2.} 48. Ke4 Nc4) 48. Rd1 Bc3 49. a4 (49. Rc1 $17) 49... Nc7 50. Ke4 (50. Rc1 {was called for.} Nd5 51. Ke4) 50... Nd5 (50... Na6 $19 51. Rd8 Nc5+ 52. Kf3 gxf4 53. gxf4 Nxa4 54. Rg8+ Kh6 55. Rh8+ Kg6 56. Rg8+ Kh6 57. Rh8+ Kg7) 51. f5+ $17 {[#]} Kg7 $1 52. f6+ (52. Rc1 $17 {was necessary.}) 52... Kg6 $19 53. Rh1 (53. Rc1 $142) 53... Nb6 54. Rc1 $2 (54. Rh8) 54... Nxa4 55. g4 {If White can now play Rc2 this consolidates a bit.} Nc5+ 56. Kf3 Bb4 57. Rd1 a4 58. Rd8 Bc3 59. Rg8+ {[#]} Kh7 $1 60. Rg7+ Kh6 61. Rxf7 Bxe5 62. Rf8 Nd7 63. Ra8 Bxf6 64. Rxa4 Kg6 65. Ra6 Kf7 66. Ra7 Ke7 67. Ke4 Ke8 68. Ra8+ Bd8 69. Ra7 (69. Kf3 $142 Ke7 70. Ra6) 69... Ke7 70. Ra8 Bc7 71. Ra7 Kd6 72. Ra6+ Bb6 {( -> ...Nc5+)} 73. Ra8 Nf6+ 74. Kf3 Ke5 75. Rb8 Nd5 76. Rg8 Be3 77. Re8 Bf4 78. Ra8 Nc7 (78... Kd4 $142 79. Rd8 e5 80. Kg2 e4 81. Kf2 Kc4 82. Rc8+ Kd3 83. Rd8 e3+ 84. Kf3 e2 85. Rxd5+ Kc4 86. Rxg5 e1=Q 87. Kxf4 Kd4 88. Rh5 Qf2+ 89. Kg5 Ke4 90. Kg6 Qb6+ 91. Kf7 Kf4 92. Rf5+ Kxg4 93. Rf6 Qb7+ 94. Ke6 Qb5 95. Kd6 Kg5 96. Rf7 Qd3+ 97. Ke7 Qe4+ 98. Kd8 Qa8+ 99. Ke7 Qb7+ 100. Kf8 Qc6 101. Rg7+ Kf6 102. Rf7+ Ke6 103. Re7+ Kf6 104. Rf7+ Ke6 105. Re7+ Kd6 106. Rg7 Qa8+ 107. Kf7 Qd5+ 108. Kg6 Ke6 109. Kh6 Qh1+ 110. Kg5 Qg2+ 111. Kh6 Qh3+ 112. Kg5 Qg2+ 113. Kh6 Qh3+ 114. Kg5 Qe3+ 115. Kg6 Qd3+ 116. Kg5 Qd8+ 117. Kh5 Qh8+ 118. Kg6 Qh4 119. Rg8 Qg4+ 120. Kh7 Qe4+ 121. Kg7 Ke7 122. Rb8 Qe5+ 123. Kg6 Qxb8 124. Kf5 Qb4 125. Ke5 Qc4 126. Kf5 Qd4 127. Kg5 Ke6 128. Kh6 Qg4 129. Kh7 Kf7 130. Kh8 Qh5#) 79. Ra5+ Kd6 80. Ke4 Ne8 81. Ra6+ Ke7 82. Ra7+ Kf6 83. Ra6 Nd6+ 84. Kf3 Ke5 85. Ra5+ Kd4 86. Ra4+ Nc4 (86... Kc3 $142 87. Ra3+ Kc4 88. Ra6 e5 89. Kg2 e4 90. Ra4+ Kb3 91. Ra5 Kb4 92. Ra8 Nb5 93. Kf2 Nc3 94. Re8 e3+ 95. Kg2 e2 96. Kf2 Bd2 97. Rb8+ Kc4 98. Re8 e1=Q+ 99. Rxe1 Bxe1+ 100. Kxe1 Kd3 101. Kf2 Nd1+ 102. Kf1 Kd2 103. Kg1 Ke1 104. Kg2 Ke2 105. Kg3 Ne3 106. Kh2 Kf3 107. Kg1 Kg3 108. Kh1 Kf2 109. Kh2 Nxg4+ 110. Kh1 Nh6 111. Kh2 g4 112. Kh1 Nf7 113. Kh2 g3+ 114. Kh3 Kf3 115. Kh4 g2 116. Kh3 g1=Q 117. Kh4 Qh2#) 87. Ra6 e5 88. Re6 Kd5 89. Re7 {[#]} e4+ $1 90. Ke2 (90. Rxe4 Nd2+) 90... Ne5 91. Ra7 Nxg4 92. Ra5+ Ke6 93. Ra6+ Kf5 94. Kf1 Nh2+ (94... Ne5 $142 95. Ra1 Nd3 96. Ke2 Nc1+ 97. Ke1 Kg4 98. Ra4 Kf3 99. Ra3+ Nd3+ 100. Kf1 g4 101. Ra2 g3 102. Rg2 e3 103. Re2 Be5 104. Rc2 Nf4 105. Rf2+ Ke4 106. Rc2 Kf3 107. Rf2+ Ke4 108. Rc2 g2+ 109. Rxg2 Nxg2 110. Kxg2 Bc3 111. Kh2 e2 112. Kh3 e1=Q 113. Kg4 Qg1+ 114. Kh4 Kf4 115. Kh5 Qg5#) 95. Kg2 Nf3 {Black mates.} 96. Ra5+ Kg4 97. Ra8 Nh4+ 98. Kf2 e3+ 99. Ke2 Nf5 100. Ra4 Ng3+ 101. Ke1 Kf3 102. Ra8 Ne4 103. Rf8 e2 104. Rf6 Ke3 105. Rxf4 Kxf4 106. Kxe2 g4 107. Kf1 g3 108. Kg2 Ng5 109. Kg1 Kf3 110. Kh1 g2+ 111. Kh2 {[#]} Nh3 $1 {[%mdl 64] Deflection, Promotion} 112. Kxh3 g1=Q {[%cal Rg1h1]} 113. Kh4 Qg4# {Accuracy: White = 46%, Black = 76%.} 0-1